Клопката на Мегре (Запис номер 172991)
[ съкратено ]
| 000 -Лидер | |
|---|---|
| Контролно поле с фиксирана дължина | 01019nam a2200301 c 4500 |
| 003 - Код на организацията, давaща контролен номер | |
| Контролно поле | BLK |
| 005 - Дата и час на последна редакция | |
| Контролно поле | 20180422114551.0 |
| 008 - Елементи от данни с фиксирана дължина | |
| fixed length control field | 180411b bul|||||r ||||||| ||bul|| |
| 010 ## - Наследен системен номер | |
| LC control number | KNG00181365000 |
| 040 ## - Източник на каталожния запис | |
| Идентификатор на билиотеката - собственик на записа | BLK |
| 041 ## - Код за език | |
| Код за езика на текст/звукозапис или на отделно заглавие | Български |
| Код за езика КДБФ | Български |
| 080 ## - УДК | |
| Текстов определител УДК | Белгийска литература |
| УДК код - определител по УДК | 821.133.1(493) |
| УДК определител | -31 |
| УДК - код + определител | 821.133.1(493)-31 |
| 100 1# - Редна дума - Автор | |
| Автор | Сименон, Жорж |
| Авторска отговорност | първи автор |
| R(LIN) | 120226 |
| 139 ## - Редно поле | |
| Редна дума | Сименон, Жорж |
| Авторски знак | Сим - С 37 |
| 245 10 - Сведения за заглавието | |
| Заглавие | Клопката на Мегре |
| Подзаглавни данни | Роман |
| Редно поле (дума) | Жорж Сименон; прев. от фр. Евгения Грекова. |
| 257 ## - Страна на издаване | |
| Страна на създаване/издаване | Белгия |
| 260 ## - Област на издателските данни | |
| -- | София |
| Име на издателя, разпространителя и проч. | Клуб 90 |
| Година на издаване | 1991 |
| 300 ## - Физическа характеристика | |
| Страници | 118 с. |
| Размери/Мащаб | 19 см |
| 380 ## - Жанр | |
| Жанр | Худож. лит. |
| 653 ## - Ключова дума – ненормативна | |
| Ключова дума | крими |
| 653 ## - Ключова дума – ненормативна | |
| Ключова дума | романи |
| 700 1# - Други автори (авторска отговорност) | |
| Лично име | Грекова, Евгения |
| Автороска отговорност (Описва отношението между автора и произведението) | прев. от фр. |
| 9 (RLIN) | 368447 |
| 852 ## - Местоположение | |
| Форматна сигнатура | Цб 165351 |
| 856 4# - Електронен адрес и достъп | |
| Електронен формат | pdf - файл |
| Път до файла /url/ | |
| 856 4# - Електронен адрес и достъп | |
| Електронен формат | pdf - файл |
| Път до файла /url/ | |
| 942 ## - АРТИКУЛИ | |
| Вид на библиотечния материал | Книги |
| Скрит в OPAC | Не |
| 944 ## - СЪЗДАВАНЕ И РЕДАКЦИЯ на ЗАПИСА | |
| Създаване/Редакция | Създаване |
| Дата на регистрацията/редакция | 09.09.2015 |
| Служител, извършил регистрацията/редакцията | Станимира_Цанева |
| 944 ## - СЪЗДАВАНЕ И РЕДАКЦИЯ на ЗАПИСА | |
| Създаване/Редакция | Редакция |
| Дата на регистрацията/редакция | 10.09.2015 |
| Служител, извършил регистрацията/редакцията | Станимира_Цанева |
| 999 ## - СИСТЕМНИ КОНТРОЛНИ НОМЕРА | |
| Koha biblionumber | 172991 |
| Koha biblioitemnumber | 172991 |
| Код за отписване | Код за изгубен артикул | Източник на класификационната схема | Код за повреда | Коз за рестрикции | Код за отдаване | Артикулен № | Име на библиотеката - собственик | Име на библиотеката, в която се намира в момента | Статус (Текущо местоположение) | Дата на вписване в системата | Местоположение - отдел | Цена в лева | Инвентарен номер | Систематично азбучна сигнатура | Баркод | Номер на екземпляра | Цена в евро | Служебна бележка | Служебен тип на артикула |
|---|---|---|---|---|---|---|---|---|---|---|---|---|---|---|---|---|---|---|---|
| Изтеглен | Не е изгубен | Universal Decimal Classification | Не е повреден | без рестрикции | заемане за дома | 295162 | Регионална библиотека "Любен Каравелов" Русе | Регионална библиотека "Любен Каравелов" Русе | Заемна - подръчен фонд | 1991-01-01 | Заемна - подръчен фонд | 3.60 | 546917 | 840-31/С 37 | 546917 | 1 | 1.84 | Вид: Ф N: стар фонд Дата: 01.01.1991 | Книги |
| Не е изгубен | Universal Decimal Classification | Не е повреден | без рестрикции | ползва се в читалня | 295163 | Регионална библиотека "Любен Каравелов" Русе | Регионална библиотека "Любен Каравелов" Русе | Хранилище | 1991-01-01 | Основен фонд - ползва се само за читалня | 3.60 | 546913 | Цб 165351 | 120000546913 | 2 | 1.84 | N: стар фонд Дата: 01.01.1991 | Книги | |
| Изтеглен | Не е изгубен | Universal Decimal Classification | Не е повреден | без рестрикции | заемане за дома | 295164 | Регионална библиотека "Любен Каравелов" Русе | Регионална библиотека "Любен Каравелов" Русе | Детски отдел | 1991-01-01 | Детски отдел | 3.60 | 570871 | ДХ 820/899/С37 | 570871 | 3 | 1.84 | N: стар фонд Дата: 01.01.1991 Дата инв: 29.09.2015 Бележки инв: Д2015 | Книги |